| 000 | 00734nam a2200229 a 4500 | ||
|---|---|---|---|
| 001 | 000047724 | ||
| 003 | DO-SdBNP | ||
| 005 | 20240909122207.0 | ||
| 008 | 180724s2015 dr 000 0 spa d | ||
| 020 | _a9789945167177 | ||
| 040 |
_aDO-SdBNP _bspa _cBPMSU |
||
| 082 | 4 |
_a923.7 _bC957u 2015 _222 |
|
| 100 | 1 | _aCruz Henríquez, Juan de la | |
| 245 | 1 | 0 |
_aUn diario vivir en tres etapas / _cJuan de la Cruz Henríquez. |
| 260 |
_aSanto DOmingo, : _bEditora Búho, _c2015. |
||
| 300 |
_a110 p. ; _c20 cm. |
||
| 500 | _aIncluye datos biográficos del autor en la contraportada. | ||
| 590 | _aInventariado, 2024/ VM | ||
| 600 | 1 | 4 |
_aCruz Henríquez, Juan de la _vBiografías. |
| 910 | _aVMateo V. Control de calidad. BPMSU | ||
| 942 |
_2ddc _cBK |
||
| 999 |
_c14807 _d14807 |
||